| 000 | 00698nam a2200229Ia 4500 | ||
|---|---|---|---|
| 001 | 15986 | ||
| 003 | GE_BSU | ||
| 008 | 181216s||||||||xx |||||||||||||| ||und|| | ||
| 040 | _cGE_BSU | ||
| 080 | _a821.353.1-32 | ||
| 100 | _aხერგიანი, მირონ | ||
| 245 | _aოქროსფერი რიყე | ||
| 245 | _bმოთხრობები | ||
| 245 | _cრედ.ნ.გოგოძე.. მხ.ო.მესხი | ||
| 260 | _aთბილისი | ||
| 260 | _bნაკადული | ||
| 260 | _c1976 | ||
| 300 | _a206გვ. ; 20სმ | ||
| 653 | _aმოთხრობები | ||
| 653 | _aოქროსფერი რიყე | ||
| 942 | _cBK | ||
| 999 |
_c49079 _d49079 |
||